Selected speeches and writings of Indira Gandhi / (Record no. 136569)

MARC details
000 -LEADER
fixed length control field 00741nam a22002177a 4500
010 ## - LIBRARY OF CONGRESS CONTROL NUMBER
LC control number A-273747
020 ## - INTERNATIONAL STANDARD BOOK NUMBER
Terms of availability 80.00
035 ## - SYSTEM CONTROL NUMBER
System control number A-273747
037 ## - SOURCE OF ACQUISITION
Source of stock number/acquisition Cen Lib / Ret
040 ## - CATALOGING SOURCE
Original cataloging agency DPL
Language of cataloging EN
082 ## - DEWEY DECIMAL CLASSIFICATION NUMBER
Classification number 040
Item number GAN
100 ## - MAIN ENTRY--PERSONAL NAME
Personal name Gandhi, Indira
245 ## - TITLE STATEMENT
Title Selected speeches and writings of Indira Gandhi /
Statement of responsibility, etc by Indira Gandhi
260 ## - PUBLICATION, DISTRIBUTION, ETC. (IMPRINT)
Place of publication, distribution, etc New Delhi
Name of publisher, distributor, etc Publications Division, Ministry of Information and Broadcasting, Govt. of India,
Date of publication, distribution, etc 1907
270 ## - ADDRESS
Address Super Bazar Connaught Circus
City New Delhi
Postal code 110001
300 ## - PHYSICAL DESCRIPTION
Extent (v 4. 614p)
Other physical details 27cm(Hb)
505 ## - FORMATTED CONTENTS NOTE
Formatted contents note v 3. September 1972-March 1977.
650 ## - SUBJECT ADDED ENTRY--TOPICAL TERM
Topical term or geographic name as entry element India -- Politics and government -- 1947-
650 ## - SUBJECT ADDED ENTRY--TOPICAL TERM
Topical term or geographic name as entry element Politics and government
942 ## - ADDED ENTRY ELEMENTS (KOHA)
Source of classification or shelving scheme Dewey Decimal Classification
Koha item type English Books
Classification part 040
Call number suffix GAN
Holdings
Withdrawn status Lost status Source of classification or shelving scheme Materials specified (bound volume or other part) Damaged status Not for loan Collection code Home library Current library Date acquired Source of acquisition Cost, normal purchase price Total Checkouts Full call number Barcode Date last seen Cost, replacement price Price effective from Koha item type
    Dewey Decimal Classification v 4   Not For Loan Reference Central Library Central Library 04/03/2016 Cen Lib/Ret 80.00   040 GAN A-273747 04/03/2016 80.00 04/03/2016 English Books

© Delhi Public Library
Hit Counter
free hit counter